Food additive toxicology
Guardat en:
| Autors principals: | , |
|---|---|
| Format: | Llibre |
| Idioma: | anglès |
| Publicat: |
Nueva York
Marcel Dekker
1995
|
| Matèries: | |
| Etiquetes: |
Afegir etiqueta
Sense etiquetes, Sigues el primer a etiquetar aquest registre!
|
MARC
| LEADER | 00000nam a2200000 a 4500 | ||
|---|---|---|---|
| 001 | UCN8542 | ||
| 003 | CL-VaPUC | ||
| 008 | 011116e19950000US |||||||||||||||||eng|d | ||
| 082 | 0 | 4 | |a 664.06 |b MAG |2 21 |
| 100 | |a Maga, Joseph A. |e autor |9 464812 | ||
| 700 | 0 | |a Tu, Anthony T |e author |9 464813 | |
| 245 | 1 | 0 | |a Food additive toxicology |
| 300 | |a 542 p | ||
| 942 | |c BK | ||
| 945 | |d 20011116 00:00:00 |a cmena | ||
| 260 | |a Nueva York |b Marcel Dekker |c 1995 | ||
| 650 | 7 | |a TOXICOLOGIA |2 CL-VaPUC |9 306970 | |
| 650 | 0 | |a Procesamiento de alimentos |9 264607 | |
| 650 | 7 | |a ELABORACION DE ALIMENTOS |2 CL-VaPUC |9 352336 | |
| 583 | |a last modification |c 20011116 00:00:00 |k Rodrigo Vera | ||
| 999 | |c 298381 |d 298379 | ||
| 952 | |0 0 |1 0 |2 ddc |4 0 |6 664_060000000000000_MAG_1995 |7 0 |8 A |9 353907 |a BIBALI |b BIBALI |c GEN |d 2019-11-21 |i 3773256 |o 664.06 MAG 1995 |p 3773256 |r 2025-01-20 |w 2019-11-21 |y BK |k ALI | ||